Sports Quiz

Random Sports or Football Quiz

AFL 2017 All-Australian Team Quiz Stats

 Plays Quiz not verified by Sporcle

Score 0/40 Timer 04:00
0 Plays Today
Team Player % Correct
AdelaideRory Sloane
88.1%
AdelaideTaylor Walker
88.1%
AdelaideEddie Betts
85.3%
GeelongPatrick Dangerfield
83.7%
RichmondDustin Martin
81.4%
AdelaideMatt Crouch
79.4%
GeelongJoel Selwood
75.7%
SydneyJosh Kennedy
75%
West CoastJosh Kennedy
75%
AdelaideRory Laird
74.1%
GWSJosh Kelly
73.6%
BrisbaneDayne Zorko
72%
RichmondAlex Rance
65.6%
SydneyLance Franklin
64.4%
Port AdelaideRobbie Gray
64%
HawthornTom Mitchell
63.8%
Western BulldogsMarcus Bontempelli
62.8%
EssendonZach Merrett
61.5%
EssendonJoe Daniher
60.8%
CollingwoodAdam Treloar
58.7%
Team Player % Correct
CarltonSam Docherty
55.5%
AdelaideSam Jacobs
53%
GWSDylan Shiel
52.8%
Port AdelaidePaddy Ryder
52.8%
AdelaideTom Lynch
51.4%
EssendonMichael Hurley
50.9%
North MelbourneBen Brown
49.8%
GWSToby Greene
48.9%
West CoastJeremy McGovern
48.4%
AdelaideJake Lever
45.2%
West CoastElliot Yeo
41.5%
St KildaSebastian Ross
41.3%
CarltonMatthew Kreuzer
38.5%
CollingwoodJeremy Howe
36.2%
MelbourneMichael Hibberd
30.5%
GWSTom Scully
23.4%
MelbourneNeville Jetta
23.4%
MelbourneJeff Garlett
19.5%
St KildaDylan Roberton
18.8%
Port AdelaideTom Jonas
17.9%

You're not logged in!

Compare scores with friends on all Sporcle quizzes.
OR
Log In

Sporcle TV

Today on Sporcle TV


Watch our educational content, quiz creation guides, and fun videos on Sporcle TV.

Show Comments

Extras

Top Quizzes Today


Score Distribution

Your Account Isn't Verified!

In order to create a playlist on Sporcle, you need to verify the email address you used during registration. Go to your Sporcle Settings to finish the process.

Report this User

Report this user for behavior that violates our Community Guidelines.

Details: